000 00514nam a2200193Ia 4500
005 20250508160609.0
008 008 250505s9999 xx 000 0 eng d
037 _aTextual
040 _aFEDL
_beng
_cFEDL
041 _aeng
_2eng
084 _a301, BAN
_qFEDL
100 _aBanfield Edward C.
245 0 _aMoral basis of a backward society
260 _aNew York, USA
_bThe Free Press
_c1958
300 _a188p
650 _aSociology
942 _cTEXL
_h301, BAN
999 _c1365539
_d1365539